| 000 | 00769nam a2200301Ia 4500 | ||
|---|---|---|---|
| 008 | 160803s9999 xx 000 0 und d | ||
| 020 | _a9781451778311 | ||
| 100 | _aMacLachlan, Patricia | ||
| 245 | _aWaiting for the magic / | ||
| 245 | _cPatricia MacLachlan ; illustrated by Amy June Bates. | ||
| 260 | _aNew York : | ||
| 260 | _bScholastic Inc. | ||
| 260 | _c2011 | ||
| 300 | _a143 pages : | ||
| 300 | _billustrations ; | ||
| 300 | _c22 cm | ||
| 650 | _aCats -- | ||
| 650 | _aDogs -- | ||
| 650 | _aFamily life -- | ||
| 650 | _aHuman-animal communication -- | ||
| 650 | _aSeparation (Psychology) -- | ||
| 650 | _xFiction. | ||
| 650 | _xFiction. | ||
| 650 | _xFiction. | ||
| 650 | _xFiction. | ||
| 650 | _xFiction. | ||
| 700 | _a420 | ||
| 999 |
_c299569 _d299569 |
||